000 00360nam a2200133Ia 4500
008 151001s9999||||xx |||||||||||||| ||und||
100 _aS B Gokhle
245 _aWriting Skills In English
250 _a1
260 _bK Sagar
260 _c2005
300 _a147
365 _b21
999 _c983656
_d983653